000 00391nam a2200145Ia 4500
008 230917s9999||||xx |||||||||||||| ||und||
040 _e218057
_aMAIN
041 _aEnglish
082 _a829.443 S55S
100 _aSen, Nabaneeta Dev
245 0 _aSheet sahasik hemantolok : Defying winter
260 _aNew Delhi
_bOxford University Press
_c2013
300 _axxxiv, 140 p.
942 _cBK
999 _c177461
_d177461